<?xml version="1.0" encoding="UTF-8"?>
<record
    xmlns:xsi="http://www.w3.org/2001/XMLSchema-instance"
    xsi:schemaLocation="http://www.loc.gov/MARC21/slim http://www.loc.gov/standards/marcxml/schema/MARC21slim.xsd"
    xmlns="http://www.loc.gov/MARC21/slim">

  <leader>01282nam a22001937a 4500</leader>
  <controlfield tag="003">OSt</controlfield>
  <controlfield tag="005">20241213110726.0</controlfield>
  <controlfield tag="008">241002s2022    ag ||||| |||| 00| 0 spa d</controlfield>
  <datafield tag="020" ind1=" " ind2=" ">
    <subfield code="a">9789878871912</subfield>
  </datafield>
  <datafield tag="040" ind1=" " ind2=" ">
    <subfield code="c">besoc</subfield>
  </datafield>
  <datafield tag="100" ind1="1" ind2=" ">
    <subfield code="a">Campero, Mar&#xED;a Bel&#xE9;n</subfield>
    <subfield code="e">Autor</subfield>
  </datafield>
  <datafield tag="245" ind1="1" ind2="0">
    <subfield code="a">Mapeo de lectura :</subfield>
    <subfield code="b">de lo &#xED;ntimo a lo colectivo /</subfield>
    <subfield code="c">Mar&#xED;a Bel&#xE9;n Campero ; Pau Turina</subfield>
  </datafield>
  <datafield tag="260" ind1=" " ind2=" ">
    <subfield code="a">Rosario :</subfield>
    <subfield code="b">((MdaE)),</subfield>
    <subfield code="c">2022</subfield>
  </datafield>
  <datafield tag="300" ind1=" " ind2=" ">
    <subfield code="a">176 p.</subfield>
  </datafield>
  <datafield tag="520" ind1=" " ind2=" ">
    <subfield code="a">Mapeo no intenta ser una gu&#xED;a de lectura. Creemos en la libertad de la lectura, en que cada persona elige su propio camino, es una aventura. Entonces no hay un mapa establecido, no hay un camino correcto por el cual caminar. La idea es que puedas hacer el tuyo. Creemos en la literatura que habilita la conversaci&#xF3;n, con otrxs y con unx. Que da lugar al di&#xE1;logo y a la reflexi&#xF3;n. Creemos en la literatura como un encuentro, con ideas, con momentos, con sensaciones, con estados de &#xE1;nimo. Y creemos en la literatura como acto de compartir. Por eso, Mapeo, te propone crear una conversaci&#xF3;n de lo &#xED;ntimo a lo colectivo que se multiplique sin l&#xED;mites hasta donde quiera llegar. [Nota del editor]</subfield>
  </datafield>
  <datafield tag="650" ind1=" " ind2="4">
    <subfield code="a">Literatura Argentina</subfield>
    <subfield code="x">Lectura</subfield>
    <subfield code="y">Siglo XXI</subfield>
    <subfield code="v">Gu&#xED;as</subfield>
    <subfield code="x">Colecci&#xF3;n juvenil </subfield>
  </datafield>
  <datafield tag="700" ind1="1" ind2=" ">
    <subfield code="a">Turina, Pau,</subfield>
    <subfield code="e">autor</subfield>
  </datafield>
  <datafield tag="942" ind1=" " ind2=" ">
    <subfield code="2">udc</subfield>
    <subfield code="c">OG</subfield>
    <subfield code="n">0</subfield>
  </datafield>
  <datafield tag="999" ind1=" " ind2=" ">
    <subfield code="c">352</subfield>
    <subfield code="d">352</subfield>
  </datafield>
  <datafield tag="952" ind1=" " ind2=" ">
    <subfield code="0">0</subfield>
    <subfield code="1">0</subfield>
    <subfield code="2">udc</subfield>
    <subfield code="4">0</subfield>
    <subfield code="7">0</subfield>
    <subfield code="8">CG</subfield>
    <subfield code="a">ESOCIALES</subfield>
    <subfield code="b">ESOCIALES</subfield>
    <subfield code="d">2024-10-02</subfield>
    <subfield code="l">1</subfield>
    <subfield code="o">82(036) C195</subfield>
    <subfield code="p">001120</subfield>
    <subfield code="r">2024-12-17 00:00:00</subfield>
    <subfield code="s">2024-12-13</subfield>
    <subfield code="t">Ej. 1</subfield>
    <subfield code="w">2024-10-02</subfield>
    <subfield code="y">OG</subfield>
  </datafield>
  <datafield tag="952" ind1=" " ind2=" ">
    <subfield code="0">0</subfield>
    <subfield code="1">0</subfield>
    <subfield code="2">udc</subfield>
    <subfield code="4">0</subfield>
    <subfield code="7">0</subfield>
    <subfield code="8">CG</subfield>
    <subfield code="a">ESOCIALES</subfield>
    <subfield code="b">ESOCIALES</subfield>
    <subfield code="d">2025-09-08</subfield>
    <subfield code="e">Donaci&#xF3;n Ma. Bel&#xE9;n Campero 2025</subfield>
    <subfield code="l">0</subfield>
    <subfield code="o">82(036) C195</subfield>
    <subfield code="p">001211</subfield>
    <subfield code="r">2025-09-08 14:28:31</subfield>
    <subfield code="t">Ej. 2</subfield>
    <subfield code="w">2025-09-08</subfield>
    <subfield code="y">OG</subfield>
  </datafield>
  <datafield tag="952" ind1=" " ind2=" ">
    <subfield code="0">0</subfield>
    <subfield code="1">0</subfield>
    <subfield code="2">udc</subfield>
    <subfield code="4">0</subfield>
    <subfield code="7">0</subfield>
    <subfield code="8">CG</subfield>
    <subfield code="a">ESOCIALES</subfield>
    <subfield code="b">ESOCIALES</subfield>
    <subfield code="d">2025-09-08</subfield>
    <subfield code="e">Donaci&#xF3;n Ma. Bel&#xE9;n Campero 2025</subfield>
    <subfield code="l">1</subfield>
    <subfield code="m">2</subfield>
    <subfield code="o">82(036) C195</subfield>
    <subfield code="p">001283</subfield>
    <subfield code="q">2026-05-15</subfield>
    <subfield code="r">2025-12-17 11:43:31</subfield>
    <subfield code="s">2025-12-17</subfield>
    <subfield code="t">Ej. 3</subfield>
    <subfield code="w">2025-09-08</subfield>
    <subfield code="y">OG</subfield>
  </datafield>
</record>
